<?xml version="1.0" encoding="UTF-8"?>
<record
    xmlns:xsi="http://www.w3.org/2001/XMLSchema-instance"
    xsi:schemaLocation="http://www.loc.gov/MARC21/slim http://www.loc.gov/standards/marcxml/schema/MARC21slim.xsd"
    xmlns="http://www.loc.gov/MARC21/slim">

  <leader>04389nam a2200517 i 4500</leader>
  <controlfield tag="001">90074</controlfield>
  <controlfield tag="003">FINmELB</controlfield>
  <controlfield tag="005">20241217171918.0</controlfield>
  <controlfield tag="006">m     o  u        </controlfield>
  <controlfield tag="007">cr cn|||||||||</controlfield>
  <controlfield tag="008">211013s2006    ag a    ob    000 0 spa d</controlfield>
  <datafield tag="020" ind1=" " ind2=" ">
    <subfield code="z">9789871305117</subfield>
  </datafield>
  <datafield tag="035" ind1=" " ind2=" ">
    <subfield code="a">(OCoLC)1280139936</subfield>
  </datafield>
  <datafield tag="040" ind1=" " ind2=" ">
    <subfield code="a">FINmELB</subfield>
    <subfield code="b">spa</subfield>
    <subfield code="e">rda</subfield>
    <subfield code="c">FINmELB</subfield>
  </datafield>
  <datafield tag="050" ind1=" " ind2="4">
    <subfield code="a">Z665</subfield>
    <subfield code="b">.G373 2006</subfield>
  </datafield>
  <datafield tag="080" ind1=" " ind2=" ">
    <subfield code="a">027.022</subfield>
  </datafield>
  <datafield tag="082" ind1="0" ind2="4">
    <subfield code="a">027.4</subfield>
    <subfield code="2">23</subfield>
  </datafield>
  <datafield tag="100" ind1="1" ind2=" ">
    <subfield code="a">Garc&#xED;a G&#xF3;mez, Francisco Javier,</subfield>
    <subfield code="e">autor.</subfield>
  </datafield>
  <datafield tag="245" ind1="1" ind2="0">
    <subfield code="a">Desarrollo y gesti&#xF3;n de la colecci&#xF3;n local en la biblioteca p&#xFA;blica /</subfield>
    <subfield code="c">Francisco Javier Garc&#xED;a G&#xF3;mez, Antonio D&#xED;az Grau; Correcci&#xF3;n: Ernesto Guti&#xE9;rrez, Dise&#xF1;o de tapa: Diego Soler, Composici&#xF3;n interior: Donagh I Matulicu.</subfield>
  </datafield>
  <datafield tag="250" ind1=" " ind2=" ">
    <subfield code="a">Segunda edici&#xF3;n.</subfield>
  </datafield>
  <datafield tag="264" ind1=" " ind2="1">
    <subfield code="a">Ciudad Aut&#xF3;noma de Buenos Aires :</subfield>
    <subfield code="b">Alfagrama Ediciones,</subfield>
    <subfield code="c">2006.</subfield>
  </datafield>
  <datafield tag="300" ind1=" " ind2=" ">
    <subfield code="a">1 recurso en l&#xED;nea (426 p&#xE1;ginas) :</subfield>
    <subfield code="b">ilustraciones</subfield>
  </datafield>
  <datafield tag="336" ind1=" " ind2=" ">
    <subfield code="a">texto</subfield>
    <subfield code="b">txt</subfield>
    <subfield code="2">rdacontent/spa</subfield>
  </datafield>
  <datafield tag="337" ind1=" " ind2=" ">
    <subfield code="a">computadora</subfield>
    <subfield code="b">c</subfield>
    <subfield code="2">rdamedia/spa</subfield>
  </datafield>
  <datafield tag="338" ind1=" " ind2=" ">
    <subfield code="a">recurso en l&#xED;nea</subfield>
    <subfield code="b">cr</subfield>
    <subfield code="2">rdacarrier/spa</subfield>
  </datafield>
  <datafield tag="490" ind1="1" ind2=" ">
    <subfield code="a">Biblioteca Alfagrama</subfield>
  </datafield>
  <datafield tag="504" ind1=" " ind2=" ">
    <subfield code="a">Incluye referencias bibliogr&#xE1;ficas.</subfield>
  </datafield>
  <datafield tag="520" ind1=" " ind2=" ">
    <subfield code="a">En unos tiempos gobernados por la globalizaci&#xF3;n, lo local, lo mas pr&#xF3;ximo a nuestra realidad mas cercana adquiere un valor especial. Es necesario pensar globalmente, pero actuar localmente. Las bibliotecas p&#xFA;blicas deben asumir este rol y adecuarlo a su trabajo diario con su comunidad de usuarios. Una de las herramientas mas id&#xF3;neas para trabajar globalmente, pensando localmente, es a trav&#xE9;s de la colecci&#xF3;n o secci&#xF3;n local de nuestra biblioteca. La comunidad de usuarios de la biblioteca publica actual es cada vez mas multicultural, personas procedentes de distintos lugares del mundo conviven juntas en comunidades donde no hace mucho solo habitaban oriundos del lugar. Hoy, con la explosi&#xF3;n migratoria, es posible ver en una misma localidad personas de diferentes nacionalidades que comparten un nexo en com&#xFA;n: el lugar geogr&#xE1;fico donde residen y sus particularidades, la colecci&#xF3;n local de la biblioteca publica debe constituirse, fundamentalmente, de materiales que traten temas y cuestiones relacionadas con la zona de influencia de la biblioteca, incluyendo documentos de todo tipo, en cualquier soporte o formato y en el que tenga cabida cualquier asunto relativo a la localidad. La biblioteca publica es un agente activo en su comunidad, que responde a sus necesidades y ayuda a crear nuevas formulas de interactuaci&#xF3;n entre sus miembros que sean &#xFA;tiles para el desarrollo de la vida diaria. La biblioteca publica debe volcarse, pues, en su comunidad, conocer sus or&#xED;genes, su evoluci&#xF3;n, sus caracter&#xED;sticas demogr&#xE1;ficas, las actividades econ&#xF3;micas que se desarrollan, los usos y costumbres de los ciudadanos de su &#xE1;rea de influencia, etc. Todo ello debe quedar reflejado y plasmado para las generaciones actuales y futuras. Y qu&#xE9; mejor instrumento que la colecci&#xF3;n local, aquella que recoge, conserva y transmite los conocimientos sobre nuestra localidad y sus gentes. Este libro pretende aportar una visi&#xF3;n general del estado de la cuesti&#xF3;n, revisa y analiza las principales fuentes de informaci&#xF3;n sobre el tema y propone soluciones adecuadas a la realidad de cada biblioteca publica, en funci&#xF3;n de su tama&#xF1;o, en funci&#xF3;n de sus posibilidades econ&#xF3;micas, humanas y materiales, y en funci&#xF3;n de su comunidad de usuarios.</subfield>
  </datafield>
  <datafield tag="588" ind1=" " ind2=" ">
    <subfield code="a">Descripci&#xF3;n basada en metadatos suministrados por el editor y otras fuentes.</subfield>
  </datafield>
  <datafield tag="590" ind1=" " ind2=" ">
    <subfield code="a">Recurso electr&#xF3;nico. Santa Fe, Arg.: elibro, 2021. Disponible v&#xED;a World Wide Web. El acceso puede estar limitado para las bibliotecas afiliadas a elibro.</subfield>
  </datafield>
  <datafield tag="650" ind1=" " ind2="0">
    <subfield code="a">Public libraries</subfield>
    <subfield code="x">Collection development.</subfield>
  </datafield>
  <datafield tag="650" ind1=" " ind2="4">
    <subfield code="a">Desarrollo de colecci&#xF3;n.</subfield>
  </datafield>
  <datafield tag="650" ind1=" " ind2="4">
    <subfield code="a">Colecci&#xF3;n local.</subfield>
  </datafield>
  <datafield tag="650" ind1=" " ind2="4">
    <subfield code="a">Biblioteca p&#xFA;blica.</subfield>
  </datafield>
  <datafield tag="655" ind1=" " ind2="4">
    <subfield code="a">Libros electr&#xF3;nicos.</subfield>
  </datafield>
  <datafield tag="700" ind1="1" ind2=" ">
    <subfield code="a">Guti&#xE9;rrez, Ernesto,</subfield>
    <subfield code="e">correcci&#xF3;n.</subfield>
  </datafield>
  <datafield tag="700" ind1="1" ind2=" ">
    <subfield code="a">D&#xED;az Grau, Antonio,</subfield>
    <subfield code="e">autor.</subfield>
  </datafield>
  <datafield tag="700" ind1="1" ind2=" ">
    <subfield code="a">Matulicu, Donagh I.,</subfield>
    <subfield code="e">composici&#xF3;n interior.</subfield>
  </datafield>
  <datafield tag="700" ind1="1" ind2=" ">
    <subfield code="a">Soler, Diego,</subfield>
    <subfield code="e">dise&#xF1;o de tapa.</subfield>
  </datafield>
  <datafield tag="797" ind1="2" ind2=" ">
    <subfield code="a">elibro, Corp.</subfield>
  </datafield>
  <datafield tag="830" ind1=" " ind2="0">
    <subfield code="a">Biblioteca Alfagrama.</subfield>
  </datafield>
  <datafield tag="856" ind1="4" ind2="0">
    <subfield code="u">https://elibro.net/ereader/politecnicointernacional/187996</subfield>
  </datafield>
  <datafield tag="999" ind1=" " ind2=" ">
    <subfield code="c">90074</subfield>
    <subfield code="d">90074</subfield>
  </datafield>
</record>
